|
|
|
|
| LEADER |
02064nam a2200505 a 4500 |
| 001 |
nkc20071746632 |
| 003 |
CZ PrNK |
| 005 |
20181109095825.0 |
| 007 |
ta |
| 008 |
070807s2007 xr a f 000 0 cze |
| 015 |
|
|
|a cnb001746632
|
| 020 |
|
|
|a 978-80-7367-318-5
|q (brož.) :
|c Kč 229,00
|
| 035 |
|
|
|a (OCoLC)190752467
|
| 040 |
|
|
|a ABA001
|b cze
|
| 041 |
1 |
|
|a cze
|h slo
|
| 043 |
|
|
|a e-xr---
|a e-xo---
|
| 072 |
|
7 |
|a 364-1/-7
|x Druhy sociální pomoci a služeb
|2 Konspekt
|9 18
|
| 080 |
|
|
|a 364-782.4
|2 MRF
|
| 080 |
|
|
|a (437.3)
|2 MRF
|
| 080 |
|
|
|a (437.6)
|2 MRF
|
| 080 |
|
|
|a (048.8)
|2 MRF
|
| 080 |
|
|
|a (078.7)
|2 MRF
|
| 100 |
1 |
|
|a Škoviera, Albín,
|d 1949-
|7 jx20071003017
|4 aut
|
| 245 |
1 |
0 |
|a Dilemata náhradní výchovy :
|b [teorie a praxe výchovné péče o děti v rodině a v dětských domovech] /
|c Albín Škoviera
|
| 250 |
|
|
|a Vyd. 1.
|
| 260 |
|
|
|a Praha :
|b Portál,
|c 2007
|
| 300 |
|
|
|a 143 s. :
|b il. ;
|c 23 cm
|
| 500 |
|
|
|a Přeloženo ze slovenštiny?
|
| 504 |
|
|
|a Obsahuje bibliografii a bibliografické odkazy
|
| 521 |
8 |
|
|a Pracovníkům v oblasti náhradní péče o děti, psychologům, studentům sociálních oborů, současným i potenciálním adoptivním rodičům a pěstounům
|
| 650 |
0 |
7 |
|a náhradní výchovná péče
|7 ph412795
|z Česko
|2 czenas
|
| 650 |
0 |
7 |
|a náhradní výchovná péče
|7 ph412795
|z Slovensko
|2 czenas
|
| 650 |
0 |
9 |
|a substitute care
|z Czechia
|2 eczenas
|
| 650 |
0 |
9 |
|a substitute care
|z Slovakia
|2 eczenas
|
| 655 |
|
7 |
|a monografie
|7 fd132842
|2 czenas
|
| 655 |
|
7 |
|a případové studie
|7 fd133208
|2 czenas
|
| 655 |
|
9 |
|a monographs
|2 eczenas
|
| 655 |
|
9 |
|a case studies
|2 eczenas
|
| 910 |
2 |
|
|a BOA001
|b 2-1194.636
|
| 990 |
|
|
|a BK
|
| 995 |
|
|
|a 01
|
| 991 |
|
|
|b 200711
|c NOV
|
| 996 |
6 |
|
|b 2610325025
|c 2-1194.636
|l MZK
|r Sklad / do 1 hodiny
|n 19
|p p.v.
|w 000874153
|u 000010
|a 1
|e BOA001
|j MZK50
|s P
|
| 996 |
7 |
|
|b 2610326836
|c 2-1194.636
|l Vol.výběr
|r VV 0p
|n 77
|p kup
|h 364 ŠKO
|w 000874153
|u 000020
|a 0
|e BOA001
|j MZK50
|s A
|
| 996 |
7 |
|
|b 2610530755
|c 2-1194.636
|l Vol.výběr
|r VV 0p
|n 42
|p kup
|h 364 ŠKO
|w 000874153
|u 000030
|a 0
|e BOA001
|j MZK50
|s A
|